A lovas coaching szerepe a vállalatok életében

Bibliográfiai részletek
Szerző: Sári Zsanett
További közreműködők: Csizmadia Dr. Péter
Dokumentumtípus: Diplomadolgozat
Kulcsszavak:vezetőfejlesztés
Coaching
Érzelmi intelligencia
Online Access:http://dolgozattar.uni-bge.hu/13031

MARC

LEADER 00000nta a2200000 i 4500
001 dolg13031
005 20171127095412.0
008 171127suuuu hu om 000 hun d
040 |a BGE Dolgozattár Repozitórium  |b hun 
041 |a hu 
100 1 |a Sári Zsanett 
245 1 2 |a A lovas coaching szerepe a vállalatok életében  |c Sári Zsanett  |h [elektronikus dokumentum] 
695 |a  vezetőfejlesztés 
695 |a Coaching 
695 |a Érzelmi intelligencia 
700 1 |a Csizmadia Dr. Péter  |e ths 
856 4 0 |u http://dolgozattar.uni-bge.hu/13031/1/szakdolgozat%20repozi.pdf  |z Dokumentum-elérés